Statistiques concernant - Prénoms les plus donnés en 1980 -

Cliquez ici pour prendre le quiz!

Statistiques générales

  • Ce quiz a été pris 536 fois
  • Le résultat moyen est 70 sur 100

Statistiques - réponses

Position1ère lettrePrénom% Correct
15JJulie
96%
1NNicolas
94%
3JJulien
94%
10OOlivier
91%
7MMarie
90%
4DDavid
87%
12SSophie
85%
13SStéphane
85%
5SStéphanie
85%
16TThomas
85%
2SSébastien
85%
37XXavier
85%
29FFrançois
85%
41LLaure
84%
10SSandrine
84%
2EEmilie
84%
32VValérie
83%
26AAnne
83%
26PPierre
83%
1CCéline
83%
12AAlexandre
83%
5CChristophe
83%
40YYann
82%
19IIsabelle
82%
3AAurélie
81%
8GGuillaume
81%
13CCaroline
81%
21CCécile
80%
25FFabien
80%
14NNathalie
80%
6FFrédéric
79%
11VVincent
79%
42SSylvie
78%
9JJérôme
77%
42AAntoine
77%
14LLaurent
76%
28HHélène
76%
24DDamien
76%
48FFlorent
75%
17CChristelle
74%
16EElodie
73%
36FFlorence
73%
4VVirginie
73%
36PPhilippe
72%
34CClaire
72%
30KKarine
72%
33FFranck
71%
49VVéronique
71%
41JJérémy
70%
45MMarc
70%
24AAlexandra
70%
50FFlorian
70%
21AAnthony
69%
35EEric
68%
31RRomain
68%
44AAmélie
68%
38YYannick
68%
22MMathieu
68%
20BBenoit
67%
27BBenjamin
67%
47MMarion
67%
17SSylvain
67%
7CCédric
66%
22SSandra
66%
49PPascal
65%
9AAudrey
65%
23GGrégory
65%
18MMélanie
64%
20VVanessa
64%
38CCarole
63%
27EEmmanuelle
63%
40GGaëlle
62%
11DDelphine
62%
32FFabrice
62%
15LLudovic
61%
34AAurélien
60%
43SSamuel
59%
45FFanny
58%
18AArnaud
58%
25SSéverine
58%
39MMatthieu
58%
39AAline
57%
43CCarine
57%
47BBruno
56%
6LLaëtitia
55%
46JJonathan
55%
46AAmandine
55%
30MMichaël
54%
19MMickaël
54%
44LLoïc
54%
8SSabrina
54%
37AAdeline
52%
31SSonia
51%
33AAurore
48%
28CCyril
47%
50MMyriam
45%
29MMagali
43%
23AAngélique
42%
35CCindy
40%
48NNadia
40%

Distribution des résultats

Percentile par nombre de réponses

% des personnes avec chaque résultat

Votre développement - résultats

Vous n’avez pas pris ce quiz